000 00701nam a22002417a 4500
003 UA-OsUOA
001 42898
007 ta
008 20061127b un ||||| |||| 00| 0 ukr d
100 _aШульгіна Л. М.
090 _a339.138:338.48
_bШ95
942 _cBK
040 _aUA-OsUOA
_bukr
_cUA-OsUOA
_dUA-OsUOA
245 _aМаркетинг підприємств туристичного бізнесу
_bМонографія
300 _a597 с.
955 _a2
041 _aukr
080 _a339.138:338.48
020 _a966-629-193-2
260 _aК.
_bКНЕУ
_c2005
650 7 _a339.1 Загальні питання торгівлі. Ринок
_2UDC
999 _c328977
_d328977